000 00338nam a2200121Ia 4500
008 210430s9999 xx 000 0 und d
082 _a070 T176 T
100 _aMateen ur Rehman Murtaza
_9128876
245 _a Taa,ruf-e-Ablagh-e-Aama /
_cMateen ur Rehman Murtaza
260 _aKARACHE
_bSIMA
_c2000
300 _a407P
942 _cBK
_2ddc
999 _c563377
_d563377